| 000 | 00884naa a22002657u 4500 | ||
|---|---|---|---|
| 001 | 03284 | ||
| 003 | HDC | ||
| 007 | cr bn ---aaaaa | ||
| 008 | 210106t2001 cc 000 0 eng | ||
| 040 | _aHDC | ||
| 245 | 0 | _a FFTC Research Highlights. n July 2001, No. 2001-6 | |
| 260 |
_aChina: _b[publisher not identified], _c2001 |
||
| 300 | _a2 pages | ||
| 336 |
_atext _2rdacontent |
||
| 337 |
_acomputer _2rdamedia |
||
| 338 |
_aonline resource _2rdacarrier |
||
| 500 | _avarious articles inside | ||
| 650 |
_aAgriculture industry _zMalaysia _92394 |
||
| 650 |
_aAgriculture _xResearch _91955 |
||
| 650 |
_aPolymerase chain reaction (PCR) _92395 |
||
| 856 | _zRequest full-text at [email protected] | ||
| 942 | _2lcc | ||
| 942 | _cEIJ | ||
| 942 | _kEMAG 000141 | ||
| 999 |
_c670 _d670 |
||